| 000 | 00764nmc a2200289 a 4500 | ||
|---|---|---|---|
| 003 | AR-BaBNM | ||
| 005 | 20251128211624.0 | ||
| 008 | 025020s1994 ||||||||||||||000 | spa|| | ||
| 020 | _a84-480-2008-1 | ||
| 040 | _cAR-BaBNM | ||
| 100 | 1 | _aThraves, Stephen | |
| 245 | 1 | 0 | _aAgente secreto A.C.E. |
| 260 |
_aBarcelona _bTimun Mas _c1994 |
||
| 300 | 0 |
_a126 p. _bil. |
|
| 490 | 0 | _aCompact | |
| 500 | 0 | _aLibro - juego | |
| 500 | 0 | _aAccesorios en solapas desplegables | |
| 650 | 4 | _aJUEGOS DIDACTICOS | |
| 650 | 4 | _aLITERATURA CONTEMPORANEA | |
| 650 | 4 | _aLITERATURA ESTADOUNIDENSE | |
| 653 | _aLITERATURA JUVENIL | ||
| 655 | _aLITERATURA | ||
| 700 | 1 |
_aRees, Gary _eilustrador |
|
| 700 | 1 |
_aGallart, Dolors _etraductor |
|
| 942 | _cBK | ||
| 998 | _cEugenia | ||
| 999 |
_c20463 _d20463 |
||